[Event "SVK-chT2B 2122"]
[Site "Slovakia"]
[Date "2021.11.13"]
[Round "3.8"]
[White "Rybar, Peter"]
[Black "Geffert, Peter"]
[Result "0-1"]
[WhiteElo "1644"]
[BlackElo "1867"]
[PlyCount "82"]
[EventDate "2021.10.16"]
[EventType "team-tourn"]
[EventRounds "11"]
[EventCountry "SVK"]
[SourceTitle "EXT 2023"]
[Source "ChessBase"]
[SourceDate "2022.10.05"]
[SourceVersion "1"]
[SourceVersionDate "2022.10.05"]
[SourceQuality "1"]
[WhiteTeam "Surany"]
[BlackTeam "Levice II"]
[WhiteTeamCountry "SVK"]
[BlackTeamCountry "SVK"]

1. d4 d5 2. c4 e6 3. Nc3 Nf6 4. Bg5 Be7 5. Nf3 0-0 6. e3 Nbd7 7. Be2 dxc4 8. Bxc4 h6 9. Bh4 b6 10. Rc1 Bb7 11. Be2 c5 12. 0-0 Nd5 13. Bg3 a6 14. b3 N7f6 15. h3 Rc8 16. dxc5 Bxc5 17. Nxd5 Nxd5 18. Nd4 Qf6 19. Bf3 Rfd8 20. Bxd5 Rxd5 21. b4 Bxb4 22. Rxc8+ Bxc8 23. Qf3 Qxf3 24. Nxf3 Bd7 25. Rc1 Bc5 26. Be5 f6 27. Bd4 Kf7 28. Bxc5 Rxc5 29. Rb1 b5 30. Kf1 Rc2 31. a3 e5 32. Ke1 Bc6 33. Rb3 Ke6 34. a4 bxa4 35. Rb6 Kd5 36. Rxa6 Kc5 37. Nh4 Kb4 38. Nf5 a3 39. Kd1 Rc5 40. Nxg7 Ba4+ 41. Kd2 a2 0-1

[Event "SVK-chT2B 2122"]
[Site "Slovakia"]
[Date "2021.10.17"]
[Round "2.8"]
[White "Rybar, Peter"]
[Black "Sehnoutek, Miroslav"]
[Result "1-0"]
[WhiteElo "1642"]
[BlackElo "1147"]
[PlyCount "126"]
[EventDate "2021.10.16"]
[EventType "team-tourn"]
[EventRounds "11"]
[EventCountry "SVK"]
[SourceTitle "EXT 2023"]
[Source "ChessBase"]
[SourceDate "2022.10.05"]
[SourceVersion "1"]
[SourceVersionDate "2022.10.05"]
[SourceQuality "1"]
[WhiteTeam "Surany"]
[BlackTeam "Belusa"]
[WhiteTeamCountry "SVK"]
[BlackTeamCountry "SVK"]

1. d4 e6 2. c4 c6 3. Nf3 d6 4. Nc3 Be7 5. Bf4 Nd7 6. e3 Ngf6 7. h3 c5 8. Be2 b6 9. dxc5 Nxc5 10. Nd4 e5 11. Nc6 Qd7 12. Nxe7 Qxe7 13. Bh2 Bb7 14. 0-0 0-0 15. f3 Rfd8 16. Qc2 e4 17. f4 d5 18. Rad1 Ne6 19. f5 Nc7 20. g4 h6 21. Bf4 Nh7 22. Bg3 Rd7 23. Qa4 a6 24. Bxc7 Rxc7 25. Nxd5 Bxd5 26. cxd5 Qd6 27. Kg2 Nf6 28. Qb3 Rc5 29. Qb4 Nxd5 30. Qxe4 b5 31. Bf3 Rd8 32. Qd4 Rc2+ 33. Rf2 Rxf2+ 34. Kxf2 Qh2+ 35. Bg2 Kh7 36. f6 Nxe3 37. Qe4+ g6 38. Rxd8 Qc7 39. Qxe3 Qxd8 40. Qf3 Qd4+ 41. Kg3 Qxb2 42. Qd5 Qxf6 43. Bf3 Kg8 44. h4 Qc3 45. h5 Qe1+ 46. Kf4 Qc1+ 47. Ke4 Qc2+ 48. Ke5 Qc7+ 49. Kd4 Qb6+ 50. Ke4 Kf8 51. hxg6 Qxg6+ 52. Kd4 Qb6+ 53. Qc5+ Qxc5+ 54. Kxc5 Ke7 55. Kb6 Kd6 56. Bb7 Ke5 57. Kxa6 b4 58. Kb5 f5 59. gxf5 Kxf5 60. Kxb4 Ke5 61. Kb5 Ke6 62. Kb6 Ke7 63. Kc7 Ke6 1-0

[Event "SVK-chT2B 1819"]
[Site "Slovakia"]
[Date "2018.11.18"]
[Round "4.8"]
[White "Capak, Stefan"]
[Black "Rybar, Peter"]
[Result "1-0"]
[WhiteElo "1943"]
[BlackElo "1655"]
[PlyCount "93"]
[EventDate "2018.10.13"]
[EventType "team-tourn"]
[EventRounds "11"]
[EventCountry "SVK"]
[SourceTitle "CBM 187 Extra"]
[Source "ChessBase"]
[SourceDate "2018.11.04"]
[SourceVersion "1"]
[SourceVersionDate "2018.11.04"]
[SourceQuality "1"]
[WhiteTeam "Povazska Bystrica"]
[BlackTeam "Surany"]
[WhiteTeamCountry "SVK"]
[BlackTeamCountry "SVK"]

1. d4 d5 2. c4 e6 3. Nc3 Nf6 4. Bg5 Be7 5. e3 Nbd7 6. Nf3 c6 7. Bd3 dxc4 8. Bxc4 Nd5 9. Bxe7 Qxe7 10. 0-0 0-0 11. Rc1 Nxc3 12. Rxc3 e5 13. dxe5 Nxe5 14. Nxe5 Qxe5 15. f4 Qe7 16. Qc2 Be6 17. Bd3 h6 18. e4 f6 19. Qe2 a5 20. a3 a4 21. Bc2 Qd6 22. Qe3 b5 23. Rd1 Qc7 24. g3 Bc4 25. Qc5 Qa7 26. Qxa7 Rxa7 27. Rd6 Rc7 28. Bxa4 Rfc8 29. Bc2 Bf7 30. Rc5 Bg6 31. Kf2 Kf8 32. Ke3 Ke7 33. Rd3 Rb8 34. Rd4 Bf7 35. e5 Rd8 36. Rxd8 Kxd8 37. Be4 Kd7 38. Bf5+ Be6 39. Bxe6+ Kxe6 40. Ke4 fxe5 41. Rxe5+ Kf6 42. Kd4 Rd7+ 43. Kc5 Rd2 44. Kxc6 Rxb2 45. Rxb5 Rxh2 46. a4 Ke6 47. a5 1-0

[Event "SVK-chT2B 1617"]
[Site "Slovakia"]
[Date "2017.01.21"]
[Round "7.6"]
[White "Rybar, Peter"]
[Black "Voros, Gellert"]
[Result "0-1"]
[WhiteElo "1634"]
[BlackElo "2122"]
[PlyCount "40"]
[EventDate "2016.10.08"]
[EventType "team-tourn"]
[EventRounds "11"]
[EventCountry "SVK"]
[SourceTitle "EXT 2018"]
[Source "ChessBase"]
[SourceDate "2017.10.13"]
[SourceVersion "1"]
[SourceVersionDate "2017.10.13"]
[SourceQuality "1"]
[WhiteTeam "Surany Lokomotiva"]
[BlackTeam "Komarno"]
[WhiteTeamCountry "SVK"]
[BlackTeamCountry "SVK"]

1. d4 d5 2. c4 c6 3. Nc3 e5 4. cxd5 cxd5 5. Nf3 e4 6. Ng1 Nc6 7. e3 Nf6 8. Bb5 Bd6 9. f4 exf3 10. Nxf3 0-0 11. Bd2 Bg4 12. Be2 Ne4 13. 0-0 Re8 14. Ne1 Be6 15. Nxe4 dxe4 16. Nc2 Qh4 17. g3 Bxg3 18. hxg3 Qxg3+ 19. Kh1 Qh4+ 20. Kg1 Bh3 0-1

[Event "SVK-chT2B 1314"]
[Site "Slovakia"]
[Date "2013.10.19"]
[Round "1.5"]
[White "Rybar, Peter"]
[Black "Gombar, Peter"]
[Result "1/2-1/2"]
[WhiteElo "1810"]
[BlackElo "1972"]
[PlyCount "35"]
[EventDate "2013.10.19"]
[EventType "team-tourn"]
[EventRounds "11"]
[EventCountry "SVK"]
[SourceTitle "EXT 2015"]
[Source "ChessBase"]
[SourceDate "2014.11.20"]
[SourceVersion "1"]
[SourceVersionDate "2014.11.20"]
[SourceQuality "1"]
[WhiteTeam "Surany"]
[BlackTeam "Povazska Bystrica III"]
[WhiteTeamCountry "SVK"]
[BlackTeamCountry "SVK"]

1. d4 d5 2. c4 e6 3. Nc3 Nf6 4. Bg5 Nbd7 5. e3 Bb4 6. Bd3 c5 7. Nge2 Qa5 8. Bxf6 Nxf6 9. 0-0 cxd4 10. exd4 dxc4 11. Bxc4 0-0 12. Qd3 Be7 13. d5 exd5 14. Nxd5 Nxd5 15. Qxd5 Qxd5 16. Bxd5 Bb4 17. Bf3 Re8 18. a3 1/2-1/2

[Event "SVK-chT2B 10/11"]
[Site "Slovakia"]
[Date "2010.12.05"]
[Round "4.6"]
[White "Rybar, Peter"]
[Black "Debnar, Ivan"]
[Result "1-0"]
[WhiteElo "1892"]
[BlackElo "1867"]
[PlyCount "119"]
[EventDate "2010.10.23"]
[EventType "team-tourn"]
[EventRounds "11"]
[EventCountry "SVK"]
[SourceTitle "EXT 2019"]
[Source "ChessBase"]
[SourceDate "2018.10.10"]
[SourceVersion "1"]
[SourceVersionDate "2018.10.10"]
[SourceQuality "1"]
[WhiteTeam "Surany Lokomotiva"]
[BlackTeam "Topolcianky SK"]
[WhiteTeamCountry "SVK"]
[BlackTeamCountry "SVK"]

1. d4 Nf6 2. c4 g6 3. Nc3 Bg7 4. e4 d6 5. Be2 0-0 6. Nf3 e5 7. dxe5 dxe5 8. Bg5 Nbd7 9. Qc2 c6 10. Rd1 Qc7 11. b4 a5 12. a3 axb4 13. axb4 Re8 14. 0-0 Nf8 15. h3 Ne6 16. Rfe1 Nxg5 17. Nxg5 h6 18. Nf3 Nh5 19. Bf1 Nf4 20. Ne2 Qb6 21. Rb1 Ra3 22. Nxf4 exf4 23. c5 Qa7 24. Qd1 Be6 25. e5 Bd5 26. Nh2 Rxe5 27. Rxe5 Bxe5 28. Ng4 Bg7 29. Qe2 Qb8 30. Qe7 Rb3 31. Rxb3 Bxb3 32. Nf6+ Bxf6 33. Qxf6 Qc7 34. h4 h5 35. Be2 Bd5 36. Bd3 f3 37. g3 Qd7 38. Bf1 Qe8 39. Qf4 Kg7 40. Qd4+ f6 41. Qf4 Qe5 42. Qe3 Qxe3 43. fxe3 f5 44. Kf2 Kf6 45. Bd3 Ke6 46. Ke1 Kd7 47. Kd2 Ke6 48. Ke1 Kf6 49. Kf2 g5 50. hxg5+ Kxg5 51. Bc2 h4 52. gxh4+ Kxh4 53. Bxf5 Kg5 54. Bc8 Kf6 55. Bxb7 Ke7 56. Ba6 Kd7 57. Bd3 Kc7 58. e4 Be6 59. Kxf3 Kd7 60. Kf4 1-0

[Event "SVK-chT2B 0708"]
[Site "Slovakia"]
[Date "2008.01.12"]
[Round "7.1"]
[White "Szegi, Viktor"]
[Black "Rybar, Peter"]
[Result "1-0"]
[WhiteElo "2097"]
[BlackElo "1860"]
[PlyCount "85"]
[EventDate "2007.10.06"]
[EventType "team-tourn"]
[EventRounds "11"]
[EventCountry "SVK"]
[SourceTitle "EXT 2010"]
[Source "ChessBase"]
[SourceDate "2010.11.25"]
[SourceVersion "1"]
[SourceVersionDate "2010.11.25"]
[SourceQuality "1"]
[WhiteTeam "Batorove Kosihy"]
[BlackTeam "Surany Lokomotiva"]
[WhiteTeamCountry "SVK"]
[BlackTeamCountry "SVK"]

1. d4 Nf6 2. Nf3 d5 3. e3 Bg4 4. h3 Bh5 5. c4 e6 6. Qb3 Qc8 7. Ne5 c6 8. cxd5 exd5 9. Bd3 Nbd7 10. Bf5 Qc7 11. Nxd7 Nxd7 12. Nc3 Nf6 13. 0-0 Bg6 14. Qc2 Bxf5 15. Qxf5 Qd7 16. Qd3 Bd6 17. b3 0-0 18. f3 Nh5 19. e4 dxe4 20. fxe4 Rad8 21. Ne2 Bc7 22. Qf3 Bb6 23. Be3 g6 24. g4 Ng7 25. Rad1 Qe7 26. Nc3 f6 27. d5 Bxe3+ 28. Qxe3 Qc7 29. Kg2 b6 30. dxc6 Rxd1 31. Rxd1 Qxc6 32. Nd5 Qe6 33. Rc1 Ne8 34. Rc6 Nd6 35. Kf3 Rc8 36. Rxc8+ Nxc8 37. Qf4 Kf7 38. Qc7+ Ne7 39. Qxa7 f5 40. Qxe7+ Qxe7 41. Nxe7 fxg4+ 42. Kxg4 Kxe7 43. Kg5 1-0

[Event "SVK-ch op-A"]
[Site "Banska Stiavnica"]
[Date "2007.07.15"]
[Round "9.64"]
[White "Rybar, Peter"]
[Black "Komlosi, Frantisek"]
[Result "1-0"]
[WhiteElo "1851"]
[BlackElo "1936"]
[PlyCount "67"]
[EventDate "2007.07.07"]
[EventType "swiss"]
[EventRounds "9"]
[EventCountry "SVK"]
[SourceTitle "EXT 2010"]
[Source "ChessBase"]
[SourceDate "2010.11.25"]
[SourceVersion "1"]
[SourceVersionDate "2010.11.25"]
[SourceQuality "1"]

1. d4 Nf6 2. c4 d6 3. Nc3 g6 4. e4 Bg7 5. Nf3 0-0 6. Be2 c6 7. 0-0 Nbd7 8. h3 h6 9. Be3 e5 10. dxe5 dxe5 11. Qd2 Kh7 12. Rad1 Ne8 13. Bc5 Rg8 14. Nh2 Qh4 15. Nf3 Qf6 16. Be3 Nf8 17. Nh2 g5 18. Qc2 Ng6 19. Bg4 Bxg4 20. Nxg4 Qe7 21. Qd2 Nf8 22. Ne2 Ne6 23. Ng3 Rd8 24. Nf5 Qc7 25. Qc2 b6 26. Rxd8 Qxd8 27. Rd1 Nd4 28. Bxd4 exd4 29. e5 Kh8 30. Rxd4 Qc7 31. Nxg7 Kxg7 32. Qf5 Qe7 33. Rd7 Qf8 34. Nf6 1-0

[Event "SVK-ch op-A"]
[Site "Banska Stiavnica"]
[Date "2007.07.11"]
[Round "5.60"]
[White "Rybar, Peter"]
[Black "Kukel, Imre"]
[Result "0-1"]
[WhiteElo "1851"]
[BlackElo "2013"]
[PlyCount "72"]
[EventDate "2007.07.07"]
[EventType "swiss"]
[EventRounds "9"]
[EventCountry "SVK"]
[SourceTitle "EXT 2010"]
[Source "ChessBase"]
[SourceDate "2010.11.25"]
[SourceVersion "1"]
[SourceVersionDate "2010.11.25"]
[SourceQuality "1"]

1. d4 Nf6 2. c4 c5 3. d5 b5 4. cxb5 a6 5. e3 Ne4 6. Qc2 Qa5+ 7. Bd2 Nxd2 8. Qxd2 axb5 9. Qxa5 Rxa5 10. Nf3 Bb7 11. e4 e6 12. dxe6 fxe6 13. Nbd2 c4 14. Be2 Bc5 15. 0-0 d5 16. exd5 exd5 17. a3 Ra6 18. Ne5 Re6 19. Bh5+ g6 20. Nxg6 hxg6 21. Bg4 Re7 22. Nf3 Kd8 23. Rad1 Rhe8 24. Ng5 d4 25. h4 Nd7 26. f4 Nf6 27. Bf3 Nd5 28. Rb1 Nxf4 29. Bxb7 Ne2+ 30. Kh2 Rxb7 31. Rf6 Rb6 32. Rf7 Be7 33. Nf3 d3 34. Rd1 Rf6 35. Rg7 Bd6+ 36. Kh3 Nf4+ 0-1

[Event "SVK-chT2B 0506"]
[Site "Slovakia"]
[Date "2006.02.12"]
[Round "9.7"]
[White "Rybar, Peter"]
[Black "Joba, Pavol"]
[Result "1/2-1/2"]
[WhiteElo "1852"]
[BlackElo "2022"]
[PlyCount "90"]
[EventDate "2005.10.22"]
[EventType "team-tourn"]
[EventRounds "11"]
[EventCountry "SVK"]
[SourceTitle "EXT 2008"]
[Source "ChessBase"]
[SourceDate "2007.11.25"]
[SourceVersion "1"]
[SourceVersionDate "2007.11.25"]
[SourceQuality "1"]

1. d4 d5 2. c4 e5 3. dxe5 d4 4. Nf3 Nc6 5. h3 Be6 6. b3 Nh6 7. Ba3 Nb4 8. Bxb4 Bxb4+ 9. Nfd2 Qg5 10. a3 Bc5 11. Nf3 Qg6 12. b4 Be7 13. Nxd4 Bxc4 14. Qc2 Qxc2 15. Nxc2 f6 16. Nd2 Bf7 17. e3 Rd8 18. Bc4 fxe5 19. Bxf7+ Nxf7 20. Ne4 0-0 21. Ke2 Nd6 22. Nxd6 Rxd6 23. Rhd1 Rdf6 24. f3 g6 25. Rg1 c5 26. Rad1 cxb4 27. axb4 Rc8 28. Rd2 Rc4 29. g4 Rd6 30. Rxd6 Bxd6 31. Kd3 b5 32. Ra1 Rc7 33. Ra5 Rb7 34. Ra6 Rd7 35. Kc3 Kg7 36. Na3 e4 37. fxe4 Be5+ 38. Kc2 Rc7+ 39. Kd1 Rb7 40. Ra5 Bc3 41. Rxb5 Rxb5 42. Nxb5 Bxb4 43. Nxa7 Bc5 44. Nc6 Bxe3 45. Ke2 Bc1 1/2-1/2